000
00284nam a22001097a 4500
008
160630b xxu||||| |||| 00| 0 eng d
100
_9
1526
_a
Mohindroo, K.K
245
_a
Practical Physics - XII
260
_a
N.D
_b
Pitamber
_c
2000
300
_a
Practical Physics - XII
942
_2
ddc
_c
BK
999
_c
1265
_d
1265